000
00238nam a2200121Ia 4500
100
_a
Banerjee/M
942
_c
BK
654
_a
gems
245
_a
Gems of Management
260
_b
Jaico
_a
Mumbai
_c
1989
300
_a
271
546
_a
ENGLISH
999
_c
32490
_d
32490